Tous les clubs espagnols ayant participés à la Ligue des Champions - Statistiques

Statistiques générales
  • Ce quiz a été pris 160 fois
  • Le résultat moyen est 11 sur 14
Statistiques - réponses
1ère participation Dernière participation Nombres de participations Clubs % Correct
1959-60 2026-27 37 Barcelone
100%
1955-56 2026-27 58 Real Madrid
100%
1958-59 2026-27 21 Atlético Madrid
97%
1957-58 2023-24 9 Séville
94%
1971-72 2019-20 13 Valence
88%
2005-06 2026-27 2 Bétis
86%
1956-57 2025-26 6 Athletic Bilbao
85%
2024-25 2024-25 1 Girona
83%
2005-06 2026-27 6 Villarreal
82%
1981-82 2023-24 5 Real Sociedad
81%
2000-01 2004-05 5 Déportivo La Corogne
72%
2012-13 2012-13 1 Malaga
60%
2003-04 2003-04 1 Celta Vigo
44%
2001-02 2001-02 1 Majorque
36%
Aucun quiz correspondant
Distribution des résultats
% des personnes avec chaque résultat
Percentile par nombre de réponses
Votre historique - résultats
Vous n’avez pas pris ce quiz